000 00549nam a2200217Ia 4500
003 OSt
005 20241010060101.0
008 240925s9999 xx 000 0 und d
020 _a8176564109
040 _csd
082 _a004.6 BPB
100 _aBPB Publication
245 0 _aBluetooth: the basics
250 _aNA
260 _aNew Delhi:
_bBPB Publication
_c,2001.
300 _a90p.
_bNA
_fOriginal
500 _aIncludes Index
600 _aComputer Science
650 _aComputer science, information & general works
942 _cBK
_2ddc
999 _c6917
_d6917